Squid Game - Statistiques

Statistiques générales
  • Ce quiz a été pris 1 885 fois
  • Le résultat moyen est 11 sur 35
Statistiques - réponses
% Correct
Numéro 001
90%
Numéro 456
83%
Nombre d'épisodes 9
75%
Épisode 1 1,2,3 soleil
64%
1er jeu 1,2,3 soleil
64%
Numéro 067
46%
6eme jeu Le jeu du calmar
43%
4eme jeu Billes
41%
Personnage principal Seong Gi-hun
41%
Gagnant Seong Gi-hun
41%
Numéro 218
37%
5eme jeu Parcours de vitres
36%
3eme jeu Tir à la corde
33%
Personnage principal Abdul Ali
30%
Personnage principal Cho Sang-woo
29%
Finaliste Cho Sang-woo
29%
Numéro 199
27%
Numéro 101
26%
Personnage principal Oh Il-nam
26%
Personnage principal Kang Sae-byeok
20%
2eme jeu Nid d'abeille en sucre
20%
Numéro 212
17%
Prix gagné 45,6 milliards de wons
17%
Créateur du jeu Oh Il-nam
17%
Semi-finaliste Kan Sae-byeok
16%
Personnage principal Jang Deok-su
15%
Épisode 2 ENFER
12%
Épisode 3 L'homme au parapluie
11%
Épisode 7 VIP
11%
Épisode 6 Gganbu
9%
Épisode 9 Jour de chance
8%
Épisode 8 Leader
7%
Épisode 4 L'équipe avant tout
7%
Personnage principal Han Mi-nyeo
6%
Épisode 5 Un monde juste
6%
Aucun quiz correspondant
Distribution des résultats
% des personnes avec chaque résultat
Percentile par nombre de réponses
Votre historique - résultats
Vous n’avez pas pris ce quiz